1570 1805 1995 1683 1772 1004 1671 1046 1662 1329 1184 1073 1535 1195 1019 1051 1038 1969 1746 1478 1346 1153 1735 1154 1564 1582 1412 1599 1088 1331 1772 1697 1239 1843 1316 1503 1803 1679 1857 1933 1316 1169 1170 1675 1562 1367 1388 1143 1729 1613 1307 1708 1774 1646 1220 1051 1093 1263 1988 1523 1944 1884 1954 1960 1013 1728 1689 1429 1823 1092 1655 1578 1363 1012 1780 1901 1426 1055 1811 1062 1587 1144 1225 1738 1649 1090 1973 1052 1510 1687 1601 1013 1372 1406 1083 1007 1258 1947 1726 BCNSPRNW ULIB Ver.6.0+V

เปลี่ยนเป็นภาษาไทย

Change to English
 แสดงรายละเอียดบรรณานุกรม
  กลับหน้าหลัก

Brief Record : Get Marc (ISO 2709) : E-mail record : QR code < ปิดหน้าต่าง
LEADER : 00000nam 2200000uu 4500
001    13399113916
003     ULIB
008    120113s2552||||th 000 0 tha d
020    ^a9786165020053
090    ^aนว.^bส514ม 2552
100 0  ^aสะมะเรีย
245 00 ^aมนตราเหมันต์/^cสะมะเรีย
250    ^aพิมพ์ครั้งที่ 1
260    ^aกรุงเทพฯ :^bsugar beat,^c2552
300    ^a270 หน้า
945    ^p180^l0^i16432
995    ^aกัณชพร
999    ^aใช้งานได้ทุกระบบ
รายการนี้ยังไม่มีแท็ก
คุณยังไม่ได้ล็อกอิน คุณสามารถมีกิจกรรมร่วมกับเว็บไซต์ได้ แต่ต้องล็อกอินก่อน ::
  ล็อกอิน

รายการสื่อสารสนเทศ

ลำดับที่ ประเภท เลขเรียก/บาร์โค้ด สถานที่ สถานะ
1. วิทยาศาสตร์การแพทย์ และสุขภาพ
วิทยาศาสตร์การแพทย์ และสุขภาพ
นว. ส514ม 2552  
  Barcode: 16432
ห้องสมุดวิทยาเขตสวรรค์ประชารักษ์
►นวนิยาย
บนชั้น
  ขอยืม

BibComment


ยังไม่เคยถูกคอมเมนท์

คอมเมนท์ทรัพยากรรายการนี้
  คอมเมนท์: มนตราเหมันต์ สะม..


 Copyright 2026. Bcnsprnw @Library